000 00885nam a2200265Ia 4500
003 OSt
005 20220925223802.0
006 a|||||r|||| 00| 0
007 ta
008 220923b |||||||| |||| 00| 0 eng d
020 _a9780415427562
_c7485.1000000000004
037 _bRKBA\ 09-10 \ 04666, 29/06/2012, RAJKIRAN BOOK AGENCY
_cGeneral Book
040 _aRTL
_cRTL
_beng
041 _2eng
_aeng
082 _aU8, P7
100 _aRichards Greg
_9290333
245 0 _aTourism, creativity and development
260 _aLondon
_bRoutledge
_c2007
300 _axxii, 323p.
_ccm.
490 _aContemporary Geographeis of Leisure, Tourism and Mobility
650 _aSociology
700 _a Wilson Julie
_9290334
942 _hU8, P7
_cGB
_2CC
999 _c580382
_d580382